<?xml version="1.0" encoding="UTF-8"?>
<record
    xmlns:xsi="http://www.w3.org/2001/XMLSchema-instance"
    xsi:schemaLocation="http://www.loc.gov/MARC21/slim http://www.loc.gov/standards/marcxml/schema/MARC21slim.xsd"
    xmlns="http://www.loc.gov/MARC21/slim">

  <leader>02296nam a22002417a 4500</leader>
  <controlfield tag="005">20250829134936.0</controlfield>
  <controlfield tag="008">230130b           ||||| |||| 00| 0 eng d</controlfield>
  <datafield tag="020" ind1=" " ind2=" ">
    <subfield code="a">9789356060760</subfield>
  </datafield>
  <datafield tag="040" ind1=" " ind2=" ">
    <subfield code="c">AL</subfield>
  </datafield>
  <datafield tag="041" ind1=" " ind2=" ">
    <subfield code="a">English</subfield>
  </datafield>
  <datafield tag="082" ind1=" " ind2=" ">
    <subfield code="2">23</subfield>
    <subfield code="a">150</subfield>
    <subfield code="b">CICP</subfield>
  </datafield>
  <datafield tag="100" ind1=" " ind2=" ">
    <subfield code="a">Saundra K Ciccarelli and others</subfield>
    <subfield code="9">237638</subfield>
  </datafield>
  <datafield tag="245" ind1=" " ind2=" ">
    <subfield code="a">Psychology</subfield>
  </datafield>
  <datafield tag="250" ind1=" " ind2=" ">
    <subfield code="a">6</subfield>
  </datafield>
  <datafield tag="260" ind1=" " ind2=" ">
    <subfield code="a">Tamilnadu</subfield>
    <subfield code="b">Pearson India Education Services Pvt Ltd</subfield>
    <subfield code="c">2022</subfield>
  </datafield>
  <datafield tag="300" ind1=" " ind2=" ">
    <subfield code="a">679 p.</subfield>
    <subfield code="b">PB</subfield>
    <subfield code="c">25x20 cm.</subfield>
  </datafield>
  <datafield tag="365" ind1=" " ind2=" ">
    <subfield code="a">ABDI/0647/23</subfield>
    <subfield code="b">&#x20B9;577.00</subfield>
    <subfield code="c">&#x20B9;</subfield>
    <subfield code="d">&#x20B9;770.00</subfield>
    <subfield code="e">25%</subfield>
    <subfield code="f">16-01-2023</subfield>
  </datafield>
  <datafield tag="520" ind1=" " ind2=" ">
    <subfield code="a">Psychology by Saundra K. Ciccarelli, J. Noland White and Girishwar Misra is the best-selling title of Psychology and is known for its learner-centered approach that maximizes student engagement. The book, currently in its sixth edition, is enriched with updated and comprehensive text for the Indian audience. By introducing some of the key constructs from Indian tradition, the book tries to relate to the Indian socio-cultural context, and selectively presents the contemporary research done in India.The book has been designed and presented to guide students as new entrants to the discipline of Psychology. New Indian cases and perspectives have been added to draw students into the discipline by quoting real-life examples on how psychology relates to their own lives. Based on the recommended APA learning outcomes, each chapter has clear and focused learning objectives that support an engaging read through the materialFeatures- &#x201C;In Your Words&#x201D;, a thought-inspiring chapter opener question related to the chapter theme-APA-based &#x201C;Learning Objectives&#x201D; with emphasis on the learning pedagogy of Psychology-In-text &#x201C;Practice Quizzes&#x201D; for quick recapitulation and assessment of learning-Discussion-based &#x201C;Thinking Critically&#x201D; in-text questions-Beside-the-text snippets for reiterating definitions and terminology- &#x201C;Applying Psychology to Everyday Life&#x201D; suggests application and experience of the concept in real life- &#x201C;Chapter Summary&#x201D; captures bite-size review of complete chapter-End-of-chapter discussion questions &#x201C;Test yourself&#x201D; for learning assessment for the complete chapter</subfield>
  </datafield>
  <datafield tag="650" ind1=" " ind2=" ">
    <subfield code="a">Psychology</subfield>
    <subfield code="9">70126</subfield>
  </datafield>
  <datafield tag="700" ind1=" " ind2=" ">
    <subfield code="a">White, J Noland</subfield>
    <subfield code="9">70128</subfield>
  </datafield>
  <datafield tag="700" ind1=" " ind2=" ">
    <subfield code="a">Misra, Girishwar</subfield>
    <subfield code="9">70129</subfield>
  </datafield>
  <datafield tag="942" ind1=" " ind2=" ">
    <subfield code="2">ddc</subfield>
    <subfield code="c">BK</subfield>
  </datafield>
  <datafield tag="999" ind1=" " ind2=" ">
    <subfield code="c">226473</subfield>
    <subfield code="d">226473</subfield>
  </datafield>
  <datafield tag="952" ind1=" " ind2=" ">
    <subfield code="0">0</subfield>
    <subfield code="1">0</subfield>
    <subfield code="2">ddc</subfield>
    <subfield code="4">0</subfield>
    <subfield code="7">0</subfield>
    <subfield code="8">PSY</subfield>
    <subfield code="a">AL</subfield>
    <subfield code="b">AL</subfield>
    <subfield code="c">SK</subfield>
    <subfield code="d">2023-01-25</subfield>
    <subfield code="e">Academic Book Distributors Ramanagaram 562159</subfield>
    <subfield code="g">577.00</subfield>
    <subfield code="l">28</subfield>
    <subfield code="m">5</subfield>
    <subfield code="o">150 CICP</subfield>
    <subfield code="p">076357</subfield>
    <subfield code="r">2026-04-16 08:49:48</subfield>
    <subfield code="s">2026-03-24</subfield>
    <subfield code="v">770.00</subfield>
    <subfield code="w">2023-01-30</subfield>
    <subfield code="y">BK</subfield>
  </datafield>
</record>
